Membres de la Team MZ dans Légendes Pokémon: Z-A - Statistiques

Statistiques générales
  • Ce quiz a été pris 13 fois
  • Le résultat moyen est 4 sur 6
Statistiques - réponses
Membres de la Team Z-A % Correct
Boro/Cety
100%
Inno
91%
Rudi
82%
Paxton/Harmony
64%
Anya
55%
Cornélia
45%
Aucun quiz correspondant
Distribution des résultats
% des personnes avec chaque résultat
Percentile par nombre de réponses
Votre historique - résultats
Vous n’avez pas pris ce quiz